Datum a čas kvízu
29
Celkem bodů
Celkový počet nahraných bodů na tomto kvízu bez doplňovacích otázek.
7.
Pořadí na kvízu
Konečné umístění týmu na tomto kvízu.
Zaznamenané odpovědi
| # | Otázka | Odpověď | Body | Výsledky |
|---|---|---|---|---|
| 1. | Minulý týden vydalo české vývo... | Kingdom Come (Deliverance II) | 1 | |
| 2. | 54letá učitelka Gill Punt z br... | A) za ledního medvěda | 1 | |
| 3. | Jeden americký umělec obdržel... | Kendrick Lamar | 0 | |
| 4. | Vláda jednoho jihoevropského s... | o Chorvatsku | 1 | |
| 5. | Která tenistka v pondělí na so... | Petra Kvitová | 1 | |
| 6. | Kterým slovem na písmeno K se... | kapsid(a) | 1 | |
| 7. | Který zvířecí přívlastek získa... | prasečí | 0 | |
| 8. | Přiřaďte viry k onemocněním, k... | 1A 2B 3C 4D | 1 | |
| 9. | Viry mají svou genetickou info... | U (uracil) | 1 | |
| 10. | Pandemie smrtících virů jsou v... | May | 0 |